|
|
|
|
| LEADER |
00000cam a2200000 c 4500 |
| 001 |
1831538873 |
| 003 |
DE-627 |
| 005 |
20260310133647.0 |
| 007 |
cr uuu---uuuuu |
| 008 |
230119s2023 xxu|||||o 00| ||eng c |
| 020 |
|
|
|a 9781003188971
|q ebook
|9 978-1-003-18897-1
|
| 024 |
7 |
|
|a 10.4324/9781003188971
|2 doi
|
| 035 |
|
|
|a (DE-627)1831538873
|
| 035 |
|
|
|a (DE-599)KXP1831538873
|
| 035 |
|
|
|a (TFG)9781003188971
|
| 035 |
|
|
|a (DE-627-1)086216430
|
| 040 |
|
|
|a DE-627
|b ger
|c DE-627
|e rda
|
| 041 |
|
|
|a eng
|
| 044 |
|
|
|c XD-US
|
| 050 |
|
0 |
|a HQ281
|
| 072 |
|
7 |
|a SOC
|2 bisacsh
|
| 072 |
|
7 |
|a JHB
|2 bicssc
|
| 082 |
0 |
|
|a 362.88/51
|2 23/eng/20220804
|
| 084 |
|
|
|a MS 2880
|q SEPA
|2 rvk
|0 (DE-625)rvk/123649:
|
| 084 |
|
|
|a 71.67
|2 bkl
|
| 245 |
0 |
0 |
|a Trafficking and sex work
|b gender, race and public order
|c edited by Mathilde Darley
|
| 264 |
|
1 |
|a London
|a New York
|b Routledge, Taylor & Francis
|c 2023
|
| 300 |
|
|
|a 1 Online-Ressource (xi, 281 Seiten)
|
| 336 |
|
|
|a Text
|b txt
|2 rdacontent
|
| 337 |
|
|
|a Computermedien
|b c
|2 rdamedia
|
| 338 |
|
|
|a Online-Ressource
|b cr
|2 rdacarrier
|
| 490 |
0 |
|
|a Interdisciplinary studies in sex for sale
|
| 500 |
|
|
|a Includes bibliographical references and index
|
| 650 |
|
0 |
|a Human Trafficking
|
| 650 |
|
0 |
|a Human trafficking (International law)
|
| 650 |
|
0 |
|a Prostitution
|
| 650 |
|
0 |
|a Sex-oriented businesses
|
| 650 |
|
4 |
|a Electronic books
|
| 650 |
|
4 |
|a SOCIAL SCIENCE / Sociology / General
|
| 655 |
|
7 |
|a Konferenzschrift
|y 2018
|z Paris
|0 (DE-588)1071861417
|0 (DE-627)826484824
|0 (DE-576)433375485
|2 gnd-content
|
| 689 |
0 |
0 |
|d s
|0 (DE-588)4047516-5
|0 (DE-627)106194380
|0 (DE-576)209073810
|a Prostitution
|2 gnd
|
| 689 |
0 |
1 |
|d s
|0 (DE-588)4767139-7
|0 (DE-627)379145391
|0 (DE-576)216196167
|a Zwangsprostitution
|2 gnd
|
| 689 |
0 |
2 |
|d s
|0 (DE-588)4125897-6
|0 (DE-627)104665149
|0 (DE-576)20958050X
|a Menschenhandel
|2 gnd
|
| 689 |
0 |
|
|5 (DE-627)
|
| 700 |
1 |
|
|a Darley, Mathilde
|d 1979-
|e HerausgeberIn
|0 (DE-588)1045978337
|0 (DE-627)775207624
|0 (DE-576)399319662
|4 edt
|
| 776 |
1 |
|
|z 9781032037837
|
| 776 |
1 |
|
|z 9781032037851
|
| 776 |
0 |
8 |
|i Erscheint auch als
|n Druck-Ausgabe
|a Prostitution and migration: governing migration, regulating sexualities (Veranstaltung : 2018 : Paris)
|t Trafficking and sex work
|d London : Routledge, Taylor & Francis, 2023
|h xi, 281 Seiten
|w (DE-627)1813914095
|z 9781032037851
|z 9781032037837
|k Non-Electronic
|
| 856 |
4 |
0 |
|u https://www.taylorfrancis.com/books/9781003188971
|m X:TFG
|x Verlag
|z lizenzpflichtig
|3 Volltext
|7 1
|
| 856 |
4 |
0 |
|u https://doi.org/10.4324/9781003188971
|x Verlag
|z lizenzpflichtig
|3 Volltext
|7 1
|
| 912 |
|
|
|a ZDB-7-TFC
|
| 912 |
|
|
|a BSZ-7-TFC-GIGA
|
| 912 |
|
|
|a GBV-7-TFC-MPIB
|
| 912 |
|
|
|a GBV-7-TFC-LUEN
|
| 912 |
|
|
|a EBS-7-TFC-FRUB
|b 2022-2025
|
| 912 |
|
|
|a ZDB-7-PIR
|
| 912 |
|
|
|a GBV-7-TFC-SBB
|
| 912 |
|
|
|a BSZ-7-TFC-HDBSXR
|b 2026
|
| 912 |
|
|
|a BSZ-7-TFC-F1HSFK
|b 2023-2026
|
| 935 |
|
|
|a mkri
|
| 936 |
r |
v |
|a MS 2880
|b Sexuierte Praktiken (Prostitution, Pornographie, auch abweichendes Sexualverhalten, etc.)
|k Soziologie
|k Spezielle Soziologien
|k Soziologische Geschlechterforschung (Gender Studies)
|k Sexuierte Praktiken (Prostitution, Pornographie, auch abweichendes Sexualverhalten, etc.)
|0 (DE-627)1271304899
|0 (DE-625)rvk/123649:
|0 (DE-576)201304899
|
| 936 |
b |
k |
|a 71.67
|j Sexualität als soziales Problem
|0 (DE-627)106412205
|
| 938 |
1 |
0 |
|0 (DE-627)1756190089
|0 (DE-615)6607835
|a Prostitution
|2 fivt
|
| 938 |
1 |
0 |
|0 (DE-627)1756193916
|0 (DE-615)6608894
|a Menschenhandel
|2 fivt
|
| 951 |
|
|
|a BO
|
| ELC |
|
|
|a 1
|
| LOK |
|
|
|0 000 xxxxxcx a22 zn 4500
|
| LOK |
|
|
|0 001 4319082192
|
| LOK |
|
|
|0 003 DE-627
|
| LOK |
|
|
|0 004 1831538873
|
| LOK |
|
|
|0 005 20230508103946
|
| LOK |
|
|
|0 008 230508||||||||||||||||ger|||||||
|
| LOK |
|
|
|0 040
|a DE-Frei85
|c DE-627
|d DE-Frei85
|
| LOK |
|
|
|0 852
|a DE-Frei85
|
| LOK |
|
|
|0 852 1
|m p
|9 00
|
| LOK |
|
|
|0 938
|k p
|
| LOK |
|
|
|0 939
|a 2023-05-08
|b l01
|
| ORI |
|
|
|a WA-MARC-krimdoka001.raw
|
| PDA |
|
|
|a yes
|
| TIM |
|
|
|a 100020180101_100020181231
|b 2018 - 2018
|